00434nam a2200133Ia 4500008004100000100002300041245001600064260000900080300003100089440002400120650006500144999001900209952007200228180117s9999 xx 000 0 und d aby Beth Day Romulo aAnother Day c2016 a24 pages, 2016 December 25 aPhilippine Panorama aPRESIDENT'S TRUMP'S SURPRISING CHOICE FOR THE UNITED NATIONS c353479d353479 001040aCLbCLd2018-01-17l0r2018-01-17 00:00:00w2018-01-17ySE